| 000 | 00686cam a22001451 4500 | ||
|---|---|---|---|
| 082 |
_a621.3133 _bAVL _cL-10, P-43 |
||
| 100 | 1 |
_aAvery, Alfred H., _941341 |
|
| 245 | 1 | 0 |
_aSmall alternating current motors; _ba practical handbook descriptive of types, running characteristics, starting arrangements and the general applications of fractional horse-power alternating current motors, with rules for the estimation of new windings, _cby Alfred H. Avery. |
| 260 |
_aLondon, _bP. Marshall & co., ltd. _c[1936] |
||
| 300 |
_a51 p. _billus. _c19 cm. |
||
| 526 |
_a0 _b0 _c0 _d621_313300000000000_AVL |
||
| 650 | 0 |
_aElectric motors, Alternating current. _941342 |
|
| 650 | 0 |
_aMCE _9379 |
|
| 942 |
_2ddc _cBK |
||
| 999 |
_c545477 _d545477 |
||